Gestión integrada de proyectos / (Registro nro. 29536)

Detalles MARC
000 -LÍDER
fixed length control field 00580nam a22002177a 4500
003 - IDENTIFICADOR DEL NÚMERO DE CONTROL
control field ITZ
005 - FECHA Y HORA DE LA ULTIMA TRANSACCIÓN
Campo de control 20240910133519.0
008 - ELEMENTOS DE LONGITUD FIJA -- INFORMACIÓN GENERAL
fixed length control field 240910b |||||||| |||| 00| 0 spa d
020 ## - NÚMERO INTERNACIONAL NORMALIZADO PARA LIBROS
ISBN 978-607-538-250-0
035 ## - Número de ficha (Janium)
Número de ficha (Janium) 17821
041 ## - CÓDIGO DE IDIOMA
Código de idioma para texto/pista de sonido o título separado spa
050 ## - SIGNATURA TOPOGRAFICA DE LA BIBLIOTECA DEL CONGRESO (LC)
Número de Clasificación HD69.P75
Cutter S46 2020
082 ## - NUMERO DE CLASIFICACION DECIMAL DEWEY
Número de Clasificación 658.404
Cutter S483g 2020
100 1# - ASIENTO PRINCIPAL--NOMBRE PERSONAL
Nombre personal Serer Figueroa, Marcos
245 ## - TÍTULO
Título Gestión integrada de proyectos /
Mención de responsabilidad, etc. Marcos Serer Figueroa
250 ## - MENCIÓN DE EDICIÓN
Mención de edición 1
260 ## - PUBLICACIÓN, DISTRIBUCIÓN, ETC. (PIE DE IMPRENTA)
Lugar de publicación, distribución, etc. México:
Nombre del editor, distribuidor, etc. Alfaomega,
Fecha de publicación, distribución, etc. 2020.
300 ## - DESCRIPCIÓN FÍSICA
Extensión 484 p.
Otros detalles físicos il, /
Dimensiones 23 cm.
650 ## - ASIENTO SECUNDARIO DE MATERIA - TERMINO TEMÁTICO
Término temático o nombre geográfico como elemento de entrada 1.ADNINISTRACIÓN DE PROYECTOS
942 ## - TIPO DE MATERIAL (KOHA)
Koha item type Libros
Existencias
No. biblioteca No. biblioteca Número de clasificación Código de barras/Número de adquisición Número de copia Tipo de material Otras carreras
INGENIERÍA EN ADMINISTRACIÓN INGENIERÍA EN GESTIÓN EMPRESARIAL 658.404 S483g 2020 55153 1 Libros LUIS G. INCLAN
INGENIERÍA EN ADMINISTRACIÓN INGENIERÍA EN GESTIÓN EMPRESARIAL 658.404 S483g 2020 55155 3 Libros LUIS G. INCLAN
INGENIERÍA EN ADMINISTRACIÓN LUIS G. INCLAN 658.404 S483g 2020 55154 2 Libros LUIS G. INCLAN
Calzada Tecnológico # 27, Zacatepec, Morelos.
01(734) 343-07-23 / 343-21-10 / 343-21-11
Apdo. Postal 45 C.P 62780